000 00296nam a22001217a 4500
008 260424b |||||||| |||| 00| 0 eng d
082 _a001053
100 _aNarayanachar, K S
245 _aMatysanagariyalli Pandavaru
260 _aHubli
_bSahitya Prakashana
_c2018
300 _a328p
942 _2ddc
999 _c1293
_d1293